000 00234nam a22001097a 4500
082 _a720/KUM
100 _aKumari,K
_975726
245 _aIndian Heritage
260 _aDelhi
_bN.K.Pub.
_c2019
650 _aArchitecture
_9259
942 _cBK
999 _c65402
_d65402